[Event "Washington Open Championship"]
[Site "Seattle, WA"]
[Date "2014.05.25"]
[Round "4"]
[White "Huston Drew  (WA)"]
[Black "Haining Breck  (WA)"]
[Result "1-0"]
[WhiteElo "734"]
[BlackElo "1350"]
[Annotator ""]
[Source ""]
[Remark "Booster"]

1.d4 g6 2.Nf3 Bg7 3.e3 d6 4.Bd3 Nf6 5.O-O O-O 6.Nbd2 c5 7.c3
b6 8.e4 Bb7 9.Re1 Qc7 10.a3 Nc6 11.b4 cxd4 12.cxd4 Nd7 13.Bb2
e5 14.Rc1 Qb8 15.Bb5 Rc8 16.d5 Nd4 17.Bxd4 Rxc1 18.Qxc1 exd4
19.Bxd7 Qd8 20.Bc6 Rc8 21.b5 Rc7 22.Qb2 Bc8 23.e5 dxe5 24.Nxe5
Re7 25.Qxd4 f6 26.Nef3 Rxe1+ 27.Nxe1 f5 28.Qc4 Qd6 29.Qb4 Qe5
30.Nc4 Qd4 31.Nd6 Qd1 32.Nxc8 Bf8 33.d6 Bh6 34.h3 Bd2 35.Qc4+
Kg7 36.d7 Qxe1+ 37.Kh2 Bg5 38.Qd4+ Kh6 39.d8Q Bxd8 40.Qxd8 Qxf2
41.Qf8+ Kg5 42.Qe7+ Kh6 43.Qe5 Kg5 44.Bf3 h5 45.Nd6 Qa2 46.Nxf5
gxf5 47.Qg7+ Kf4 48.Qg3+ 1-0

[Event "Washington Open Championship"]
[Site "Seattle, WA"]
[Date "2014.05.25"]
[Round "4"]
[White "Yang Richard  (WA)"]
[Black "Sherry Christopher  (WA)"]
[Result "1/2-1/2"]
[WhiteElo "1464"]
[BlackElo "1654"]
[Annotator ""]
[Source ""]
[Remark "Reserve"]

1.e4 e6 2.d4 d5 3.Nd2 c5 4.c3 Nc6 5.exd5 exd5 6.Ndf3 Nf6 7.Bd3
Be7 8.h3 c4 9.Bc2 O-O 10.Ne2 Re8 11.O-O b5 12.Bg5 h6 13.Bh4 Ne4
14.Bxe7 Qxe7 15.Re1 Qd6 16.Ng3 f5 17.Nd2 Bd7 18.Ndxe4 fxe4 19.Qd2
Re7 20.Re2 Rf8 21.Re3 Ref7 22.Rf1 a5 23.a3 b4 24.axb4 axb4 25.cxb4
Nxb4 26.b3 Nxc2 27.Qxc2 Bb5 28.bxc4 Bxc4 29.Nxe4 Qa6 30.Nc5 Qf6
31.Rd1 Qxf2+ 32.Qxf2 Rxf2 33.Nd3 Bxd3 34.Rexd3 Re2 35.Rf1 Rxf1+
36.Kxf1 Re4 37.Kf2 Kf7 38.Kf3 g5 39.g3 h5 40.Rd2 Kf6 41.Kf2 Kf5
42.Kf3 g4+ 43.hxg4+ Rxg4 44.Rd3 h4 45.gxh4 Rxh4 46.Kg3 Ke4 47.Ra3
Rh1 48.Ra4 Rd1 49.Kf2 Rd2+ 50.Ke1 Rxd4 51.Rxd4+ Kxd4 52.Kd2 Ke4
53.Ke2 d4 54.Kd2 d3 55.Kd1 Ke3 56.Ke1 Ke4 57.Kd2 Kd4 58.Kd1 d2 1/2-1/2

[Event "Washington Open Championship"]
[Site "Seattle, WA"]
[Date "2014.05.25"]
[Round "4"]
[White "Richards Jerrold  (WA)"]
[Black "Yuen Andrew  (WA)"]
[Result "1-0"]
[WhiteElo "1207"]
[BlackElo "863"]
[Annotator ""]
[Source ""]
[Remark "Reserve"]

1.c4 e5 2.g3 Nf6 3.Bg2 Nc6 4.Nc3 Bc5 5.Nf3 O-O 6.O-O d6 7.a3
a6 8.b4 Ba7 9.Ng5 Ng4 10.d3 Qf6 11.Nce4 Qe7 12.e3 h6 13.Nf3 Be6
14.Bb2 Rad8 15.Qc2 d5 16.cxd5 Bxd5 17.Nc5 Bxc5 18.Qxc5 Qxc5 19.bxc5
e4 20.dxe4 Bxe4 21.Nd4 Bxg2 22.Kxg2 Nce5 23.h3 Nf6 24.Nf5 Nd3
25.Bxf6 gxf6 26.Nxh6+ Kh7 27.Ng4 Kg6 28.c6 b6 29.f4 f5 30.Nf2
Nxf2 31.Rxf2 Rd3 32.Kf3 Re8 33.Re2 Re6 34.g4 Rxc6 35.Rg2 Rcc3
36.gxf5+ Kxf5 37.Re1 Rxa3 38.h4 Ra4 39.Rg5+ Kf6 40.h5 c5 41.h6
Rd8 42.h7 Rh8 43.Rh1 c4 44.Rg8 Rxh7 45.Rxh7 c3 46.Rh6+ Ke7 47.Rxb6
Rc4 48.Rb1 a5 49.Ra8 a4 50.Rc1 f5 51.Ra5 Ke6 52.Ke2 1-0

[Event "Washington Open Championship"]
[Site "Seattle, WA"]
[Date "2014.05.25"]
[Round "4"]
[White "Ahluwalia Anshul  (WA)"]
[Black "Nicoski Rick  (WA)"]
[Result "0-1"]
[WhiteElo "941"]
[BlackElo "1353"]
[Annotator ""]
[Source ""]
[Remark "Booster"]

1.d4 d5 2.c4 c6 3.Nf3 Nf6 4.Qc2 e6 5.g3 Be7 6.Bg2 O-O 7.O-O Nbd7
8.Bf4 dxc4 9.Qxc4 Nb6 10.Qc2 Nbd5 11.Be5 Ng4 12.Qc1 Nxe5 13.Nxe5
Qc7 14.Nc3 Rb8 15.Nxd5 exd5 16.Bxd5 Bf6 17.Qc3 Bh3 18.Bg2 Bxg2
19.Kxg2 Rfe8 20.Nf3 Rbd8 21.e4 Rxe4 22.Rad1 Qb6 23.Rfe1 Rxe1
24.Rxe1 h6 25.Re4 Rd5 26.Qd3 g6 27.Qd2 Qd8 28.Qe3 Kg7 29.h4 h5
30.Re8 Qd7 31.Re4 b6 32.Ne5 Bxe5 33.Rxe5 Rxd4 34.Re7 Qd5+ 35.Kh2
Rd3 36.Re5 Rxe3 37.Rxd5 Re2 38.Rd7 Rxf2+ 39.Kh3 a6 40.Ra7 a5
41.Ra6 Rxb2 42.Ra7 Rxa2 43.g4 c5 44.gxh5 gxh5 45.Kg3 c4 46.Rc7
b5 47.Kf4 Rc2 48.Kg5 a4 49.Kxh5 a3 50.Ra7 b4 51.Kg5 a2 52.h5
Rg2+ 53.Kh4 b3 54.h6+ Kxh6 55.Ra6+ Kg7 56.Kh5 Rg1 57.Ra5 a1Q
58.Rg5+ Rxg5+ 59.Kxg5 Qf6+ 60.Kh5 Qg6+ 61.Kh4 b2 62.Kh3 b1Q 63.Kh4
Qh1# 0-1

[Event "Washington Open Championship"]
[Site "Seattle, WA"]
[Date "2014.05.25"]
[Round "2"]
[White "Jain Krish  (WA)"]
[Black "Wynn Scott  (WA)"]
[Result "1-0"]
[WhiteElo "946"]
[BlackElo "871"]
[Annotator ""]
[Source ""]
[Remark "Booster"]

1.d4 Nf6 2.Nf3 g6 3.g3 Bg7 4.Bg2 O-O 5.O-O d6 6.c4 c5 7.Nc3 Nbd7
8.Bf4 Nb6 9.b3 Nfd7 10.Qd2 cxd4 11.Nxd4 e5 12.Ndb5 exf4 13.Nxd6
Nc5 14.Rad1 fxg3 15.fxg3 Qe7 16.b4 Bxc3 17.Qxc3 Ne6 18.Qe5 Nd7
19.Qc3 Rd8 20.Nxf7 Rf8 21.Nh6# 1-0

[Event "Washington Open Championship"]
[Site "Seattle, WA"]
[Date "2014.05.25"]
[Round "3"]
[White "Brown Fred  (WA)"]
[Black "Verdiyan Artem  (WA)"]
[Result "0-1"]
[WhiteElo "1457"]
[BlackElo "1427"]
[Annotator ""]
[Source ""]
[Remark "Reserve"]

1.d4 d5 2.c4 c6 3.Nc3 Nf6 4.cxd5 cxd5 5.Bf4 Nc6 6.e3 a6 7.Bd3
Bg4 8.Nge2 e6 9.h3 Bxe2 10.Qxe2 Bd6 11.Bxd6 Qxd6 12.O-O O-O 13.a3
Rfc8 14.Rab1 b5 15.Na2 Na5 16.b4 Nc4 17.Bxc4 dxc4 18.Nc3 e5 19.Rfd1
Rd8 20.dxe5 Qxe5 21.Rxd8+ Rxd8 22.Qc2 Rd3 23.Rd1 Rxd1+ 24.Qxd1
h6 25.Qd4 Qxd4 26.exd4 Kf8 27.Kf1 Ke7 28.Ke2 Kd6 29.Kd2 Nd5 30.Nxd5
Kxd5 31.Kc3 f5 32.g4 fxg4 33.hxg4 g6 34.f4 Ke4 0-1

[Event "Washington Open Championship"]
[Site "Seattle, WA"]
[Date "2014.05.25"]
[Round "4"]
[White "Mayer Jacob  (WA)"]
[Black "Yu Allistair  (WA)"]
[Result "1-0"]
[WhiteElo "1520"]
[BlackElo "1397"]
[Annotator ""]
[Source ""]
[Remark "Reserve"]

1.e4 e5 2.Nf3 Nc6 3.Bc4 Nf6 4.Ng5 d5 5.exd5 Na5 6.Bb5+ c6 7.dxc6
bxc6 8.Qf3 Be7 9.Bd3 h6 10.Ne4 O-O 11.Nbc3 Nd5 12.a3 f5 13.Ng3
e4 14.Ncxe4 fxe4 15.Qxe4 Nf6 16.Qg6 Qe8 17.Qxe8 Rxe8 18.O-O Nb7
19.Re1 Bd7 20.Bg6 Nc5 21.Bxe8 Rxe8 22.d4 Ne6 23.Nf5 Bd8 24.Nd6
Rf8 25.Be3 Bb6 26.Rad1 Ng4 27.b3 Nf6 28.Nc4 Bc7 29.Ne5 Be8 30.c4
Bxe5 31.dxe5 Nd7 32.Rd6 1-0

[Event "Washington Open Championship"]
[Site "Seattle, WA"]
[Date "2014.05.25"]
[Round "4"]
[White "Thomas Arjun  (WA)"]
[Black "He Anthony  (WA)"]
[Result "1/2-1/2"]
[WhiteElo "1797"]
[BlackElo "1985"]
[Annotator ""]
[Source ""]
[Remark "Open"]

1.e4 e5 2.Nf3 Nc6 3.Bb5 a6 4.Bxc6 dxc6 5.O-O f6 6.d4 exd4 7.Nxd4
c5 8.Ne2 Qxd1 9.Rxd1 Bd7 10.Nbc3 O-O-O 11.Bf4 Ne7 12.Rd2 Ng6
13.Bg3 Bc6 14.Rxd8+ Kxd8 15.Rd1+ Kc8 16.Nd5 Bxd5 17.Rxd5 Be7
18.Nf4 Nxf4 19.Bxf4 Rd8 20.Rxd8+ Bxd8 21.f3 Kd7 22.Kf2 Ke6 23.Ke3
b5 24.Kd3 c6 25.c4 Be7 26.b3 g5 27.Bc7 Kd7 28.Bb8 h5 29.Bg3 Ke6
30.h4 Bd8 31.hxg5 fxg5 32.f4 gxf4 33.Bxf4 Bf6 34.Ke3 Bd4+ 35.Kd3
Bf6 36.Ke3 Bd4+ 1/2-1/2

[Event "Washington Open Championship"]
[Site "Seattle, WA"]
[Date "2014.05.26"]
[Round "5"]
[White "Grassy Brock  (WA)"]
[Black "Verdiyan Artem  (WA)"]
[Result "1-0"]
[WhiteElo "1484"]
[BlackElo "1427"]
[Annotator ""]
[Source ""]
[Remark "Reserve"]

1.e4 c6 2.d4 d5 3.Nd2 dxe4 4.Nxe4 Bf5 5.Bd3 Qxd4 6.Nf3 Qd5 7.Qe2
Nd7 8.Bf4 O-O-O 9.O-O e5 10.Nc3 Bxd3 11.cxd3 Qe6 12.Bg3 f6 13.Rac1
Bd6 14.Nd2 Qf7 15.Nb5 Bc5 16.Qe4 Ne7 17.Nb3 cxb5 18.Nxc5 Nc6
19.Nxb7 Kxb7 20.Qxc6+ Kb8 21.Qc7+ Ka8 22.Qc6+ Kb8 23.Qxb5+ Nb6
24.f4 Rd5 25.fxe5 Qg6 26.Qc6 fxe5 27.Bxe5+ Rxe5 28.Qc7+ Ka8 29.Qxe5
Re8 30.Qg3 Qh6 31.Rc7 Nd5 32.Rxg7 Qb6+ 33.Qf2 Qa6 34.Qf7 Qb6+
35.Kh1 Rd8 36.Rxh7 Ne3 37.Qf3+ Nd5 38.h3 Kb8 39.Qg3+ Ka8 40.Rff7
Rc8 41.Rxa7+ Qxa7 42.Rxa7+ Kxa7 43.Qg7+ Ka6 44.Qg6+ Kb5 45.Qg5
Kc5 46.Qc1+ 1-0

[Event "Washington Open Championship"]
[Site "Seattle, WA"]
[Date "2014.05.26"]
[Round "5"]
[White "Anthony Ralph  (WA)"]
[Black "Campbell Tim  (WA)"]
[Result "0-1"]
[WhiteElo "1707"]
[BlackElo "1739"]
[Annotator ""]
[Source ""]
[Remark "Premier"]

1.e4 c5 2.Nf3 Nc6 3.d4 cxd4 4.Nxd4 g6 5.c4 Bg7 6.Nc2 d6 7.Nc3
Nf6 8.f3 O-O 9.Be3 Bd7 10.Be2 Rc8 11.O-O Ne5 12.Na3 Bc6 13.Qd2
a6 14.Rfd1 Qc7 15.Rac1 Rfd8 16.Nd5 Bxd5 17.exd5 b6 18.b3 Ned7
19.Nc2 a5 20.Nd4 Re8 21.Nb5 Qb7 22.Bf4 Rc5 23.Be3 Rcc8 24.Bf1
Nb8 25.Qf2 Nfd7 26.Bd3 Na6 27.h4 Nc7 28.Nd4 Nc5 29.Bb1 e6 30.dxe6
N7xe6 31.Nb5 Bf8 32.Nxd6 Bxd6 33.Rxd6 Ng7 34.Rcd1 Qc7 35.Bxc5
bxc5 36.Qd2 Ne6 37.Rd7 Qg3 38.Qf2 Qe5 39.R7d5 Qf4 40.Be4 f5 41.g3
Qb8 42.Bd3 Nd4 43.f4 Re7 44.Rxc5 Rxc5 45.Qxd4 Qb4 46.Kf2 Rcc7
47.Qd8+ Kf7 48.Qh8 Qc5+ 49.Kf1 Rc8 50.Qc3 ( 50.Qxh7+ ) Re3 51.Qc2
Rd8 52.Be2 Rxg3 0-1

[Event "Washington Open Championship"]
[Site "Seattle, WA"]
[Date "2014.05.26"]
[Round "5"]
[White "Jain Krish  (WA)"]
[Black "Hitchcock Brandon  (WA)"]
[Result "0-1"]
[WhiteElo "946"]
[BlackElo "943"]
[Annotator ""]
[Source ""]
[Remark "Booster"]

1.d4 f5 2.Nf3 Nf6 3.g3 e6 4.Bg2 Be7 5.O-O O-O 6.c4 d6 7.Nc3 Qe8
8.Ng5 Qh5 9.h3 e5 10.dxe5 dxe5 11.Qb3 Nc6 12.c5+ Kh8 13.Bf3 Qg6
14.Ne6 Bxe6 15.Qxe6 Bxc5 16.Bxc6 Qxg3+ 17.Bg2 Rae8 18.Qxf5 Nd5
19.Qg4 Bxf2+ 20.Kh1 Qxg4 21.hxg4 Nxc3 22.bxc3 b6 23.Ba3 c5 24.Rad1
Be3 25.Bc6 Rxf1+ 26.Rxf1 Rb8 27.Bc1 Bxc1 28.Rxc1 Rd8 29.Rf1 Kg8
30.Bb5 g6 31.Bc4+ Kg7 32.Rf7+ Kh6 33.Rxa7 Rd1+ 34.Kg2 Rc1 35.Ra3
Kg5 36.Kf3 Rf1+ 37.Kg2 Rf4 38.Be6 Kf6 39.Bc8 Re4 40.c4 Rxe2+
41.Kf3 Rc2 42.Ba6 Rh2 43.Kg3 Rc2 44.Rf3+ Kg7 45.a4 Re2 46.Rb3
Kh6 47.Bb7 Kg5 48.Rxb6 h5 49.gxh5 gxh5 50.a5 Ra2 51.a6 Ra3+ 52.Kf2
Kf4 53.a7 Ra2+ 54.Ke1 Rxa7 55.Rf6+ Kg5 56.Rb6 e4 57.Ke2 Kf4 58.Rb3
h4 59.Bc8 Ra2+ 60.Ke1 e3 {%02  There may have been a second sheet to this game, but I don't seem to have it.}
 0-1

[Event "Washington Open Championship"]
[Site "Seattle, WA"]
[Date "2014.05.26"]
[Round "5"]
[White "Chin Eugene  (WA)"]
[Black "Newstead Brumas  (WA)"]
[Result "0-1"]
[WhiteElo "1451"]
[BlackElo "1632"]
[Annotator ""]
[Source ""]
[Remark "Reserve"]

1.e4 e5 2.Nf3 Nc6 3.d4 exd4 4.Nxd4 Nf6 5.Nc3 Bc5 6.Nb3 Bb6 7.Bg5
d6 8.h3 h6 9.Bh4 Be6 10.Bd3 Ne5 11.O-O Qe7 12.Nd5 Bxd5 13.exd5
O-O-O 14.Bf5+ Kb8 15.Re1 g6 16.Bd3 g5 17.Bg3 Nxd5 18.a4 a6 19.Bxa6
Nf4 20.Bc4 Qf6 21.a5 Ba7 22.Nd2 h5 23.a6 h4 24.Bxf4 Qxf4 25.Qe2
g4 26.axb7 g3 27.Kh1 Nxc4 28.Nxc4 gxf2 29.Rf1 Rde8 30.Qd3 Qe4
31.Qxe4 Rxe4 32.Nd2 Re2 33.Rad1 Rhe8 34.Nf3 Kxb7 35.Kh2 R8e4
36.Nd2 Rd4 37.Nf3 Rb4 38.Rd2 Rxd2 39.Nxd2 Rxb2 40.g3 Rxc2 0-1

[Event "Washington Open Championship"]
[Site "Seattle, WA"]
[Date "2014.05.26"]
[Round "5"]
[White "Sherry Christopher  (WA)"]
[Black "Sehgal Rahul  (WA)"]
[Result "1-0"]
[WhiteElo "1654"]
[BlackElo "1300"]
[Annotator ""]
[Source ""]
[Remark "Reserve"]

1.d4 d5 2.e4 e6 3.e5 Ne7 4.Nf3 Nbc6 5.Bd3 Nb4 6.Bb5+ c6 7.Ba4
Qa5 8.Nc3 Nf5 9.a3 Na6 10.b4 Qc7 11.O-O b5 12.Nxb5 cxb5 13.Bxb5+
Kd8 14.Ng5 h6 15.Qh5 g6 16.Qh3 Bg7 17.Nf3 Nb8 18.Bd3 Kd7 19.Bxf5
exf5 20.Bf4 Ke7 21.Qh4+ Kf8 22.e6 Qe7 23.Qxe7+ Kxe7 24.exf7 Kxf7
25.Rfe1 Be6 26.Ne5+ Kf6 27.Nd3 Nc6 28.c3 Kf7 29.Nc5 Rhe8 30.Re2
Re7 31.Rae1 Rae8 32.Bd6 Bc8 33.Bxe7 Rxe7 34.Rxe7+ Nxe7 35.b5
Ng8 36.a4 Nf6 37.f3 Bf8 38.a5 Nd7 39.Ne6 Nb8 40.Nc7 Bd7 41.b6
axb6 42.a6 Nxa6 43.Nxa6 Bb5 44.Nb4 Bxb4 45.cxb4 Bc4 46.Kf2 Kf6
47.Re5 b5 48.Ke3 h5 49.h4 Kf7 50.Kf4 Kf6 51.g4 hxg4 52.fxg4 fxg4
53.Kxg4 Kg7 54.Kg5 Kf7 55.Re1 Bd3 56.Re3 Be4 57.Ra3 Kg7 58.Ra6
Bd3 59.Ra7+ Kf8 60.Kf6 Kg8 61.Ke6 Bc4 62.Kd6 Kf8 63.Kc6 Kg8 64.Rd7
Kf8 65.Rd6 Kf7 66.Rxd5 Bxd5+ 67.Kxd5 Ke7 68.Ke5 Kf7 69.Kd6 Ke8
70.Kc7 g5 71.hxg5 1-0

[Event "Washington Open Championship"]
[Site "Seattle, WA"]
[Date "2014.05.26"]
[Round "5"]
[White "Wade James  (WA)"]
[Black "Richards Jerrold  (WA)"]
[Result "0-1"]
[WhiteElo "1255"]
[BlackElo "1207"]
[Annotator ""]
[Source ""]
[Remark "Reserve"]

1.e4 e6 2.d4 d5 3.exd5 exd5 4.Nf3 Nf6 5.Bf4 Be7 6.Bd3 Nc6 7.O-O
O-O 8.c3 Bd6 9.Bg3 Ne7 10.Nbd2 Bf5 11.Bxf5 Nxf5 12.Qc2 Nxg3 13.fxg3
Ng4 14.Rfe1 c5 15.Nf1 cxd4 16.Nxd4 Qf6 17.Ne3 Nxe3 18.Rxe3 Be5
19.Qd2 Bxd4 20.Qxd4 Qxd4 21.cxd4 Rac8 22.Rc3 Rfe8 23.Kf2 Rc6
24.Rxc6 bxc6 25.Rc1 Re6 26.Re1 Kf8 27.Rxe6 fxe6 28.Kf3 Ke7 29.Ke3
a5 30.a3 Kd6 31.b4 a4 32.Kd3 g5 33.g4 h6 34.h3 e5 35.dxe5+ Kxe5
36.Ke3 d4+ 37.Kd3 Kd5 38.Kc2 Kc4 39.Kb2 d3 40.Kc1 Kc3 41.Kd1
Kb2 42.Kd2 Kxa3 43.Kxd3 Kb2 0-1

[Event "Washington Open Championship"]
[Site "Seattle, WA"]
[Date "2014.05.26"]
[Round "5"]
[White "Archer Shawn  (WA)"]
[Black "Esposito Jason  (NY)"]
[Result "1-0"]
[WhiteElo "1266"]
[BlackElo "1259"]
[Annotator ""]
[Source ""]
[Remark "Booster"]

1.e4 c6 2.Nf3 d5 3.exd5 cxd5 4.d4 Bf5 5.g3 e6 6.Bg2 Nf6 7.O-O
Nbd7 8.Re1 Rc8 9.c3 Be7 10.Qb3 Qb6 11.Qxb6 Nxb6 12.Ne5 h6 13.Nd2
Nbd7 14.Ndf3 O-O 15.Nh4 Bh7 16.Nxd7 Nxd7 17.Bxd5 exd5 18.Rxe7
Rfd8 19.Nf3 Kf8 20.Re3 Re8 21.Bd2 Rxe3 22.Bxe3 Nb6 23.Re1 Nc4
24.Bc1 Re8 25.Ne5 Re7 26.b3 Nxe5 27.dxe5 Re6 28.f3 Re8 29.Ba3+
Kg8 30.Bd6 Rc8 31.Re3 Bf5 32.g4 Be6 33.Kf2 d4 34.cxd4 Rc2+ 35.Re2
Rxe2+ 36.Kxe2 Kh7 37.Ke3 Bd5 38.f4 Kg6 39.h4 f5 40.h5+ Kf7 41.gxf5
b5 42.e6+ Kf6 43.Be5+ Kxf5 44.e7 Bc6 45.Bxg7 Kg4 46.Bxh6 Kxh5
47.Bg5 Kg6 48.d5 Bd7 49.d6 Kf7 50.Kd4 Ke6 51.Kc5 Kf7 52.Kd5 Ke8
53.Ke5 Kf7 54.f5 Bc8 55.Be3 a6 56.b4 Bd7 57.a3 Bc8 58.Bd4 Bd7
59.f6 Bc6 60.Bc3 Bd7 61.Kd5 Be8 62.Kc5 Ke6 1-0

[Event "Washington Open Championship"]
[Site "Seattle, WA"]
[Date "2014.05.26"]
[Round "5"]
[White "Bagstad Gary  (CO)"]
[Black "Ovalles Edward  (WA)"]
[Result "1-0"]
[WhiteElo "1700"]
[BlackElo "1613"]
[Annotator ""]
[Source ""]
[Remark "Premier"]

1.e4 e5 2.Nc3 Nc6 3.Bc4 Nf6 4.d3 Na5 5.Bb3 Nxb3 6.axb3 b6 7.f4
exf4 8.Bxf4 Bb4 9.Qe2 O-O 10.O-O-O Bxc3 11.bxc3 d6 12.Qf2 a5
13.Bg5 Re8 14.Bxf6 Qxf6 15.Qxf6 gxf6 16.Rf1 Kg7 17.Nf3 c5 18.c4
a4 19.bxa4 Rxa4 20.Kd2 h6 21.Rb1 Ra6 22.Rb2 Bd7 23.Rhb1 Rb8 24.Nh4
h5 25.g3 Kf8 26.Ng2 Ke7 27.Nf4 h4 28.Nd5+ Kd8 29.Nxf6 Be6 30.Ke3
hxg3 31.hxg3 Kc7 32.Rh1 Raa8 33.Kf4 Rh8 34.Rbb1 Rxh1 35.Rxh1
Ra2 36.Rh2 Kc6 37.Nh7 b5 38.cxb5+ Kxb5 39.Ng5 Kb4 40.Nxe6 fxe6
41.g4 Ra8 42.g5 Rf8+ 43.Kg4 Rg8 44.Rg2 Kc3 45.Kh5 c4 46.dxc4
Kxc4 47.Kh6 Kd4 48.Rg4 Ke5 49.Kh7 Rxg5 50.Rxg5+ Kxe4 51.Kg6 e5
52.Kf6 Ke3 53.Ke6 e4 54.Kxd6 Kd4 55.Re5 e3 56.c4 1-0

[Event "Washington Open Championship"]
[Site "Seattle, WA"]
[Date "2014.05.26"]
[Round "5"]
[White "Smith Micah  (WA)"]
[Black "Bartron Paul  (WA)"]
[Result "1-0"]
[WhiteElo "2023"]
[BlackElo "2136"]
[Annotator ""]
[Source ""]
[Remark "Open"]

1.d4 d5 2.Bf4 Nf6 3.e3 Bf5 4.c4 c6 5.Nc3 Nbd7 6.Nf3 Qb6 7.Qb3
e6 8.h3 h6 9.c5 Qxb3 10.axb3 Be7 11.b4 O-O 12.b5 cxb5 13.Nxb5
a6 14.Nd6 Bxd6 15.Bxd6 Rfc8 16.b4 Ne8 17.Bh2 f6 18.Be2 b6 19.O-O
bxc5 20.bxc5 a5 21.Ra2 Nb8 22.Rfa1 Nc6 23.Bb5 Ra7 24.Nd2 e5 25.Bxc6
Rxc6 26.Rxa5 Rxa5 27.Rxa5 exd4 28.exd4 Nc7 29.Bxc7 Rxc7 30.Ra6
Re7 31.Nf3 Re2 32.Rd6 Be4 33.c6 Rc2 34.Kf1 Kh7 35.Ne1 Rc4 36.f3
Bb1 37.Rxd5 Rxc6 38.Ke2 Ba2 39.Rc5 Rd6 40.Kd3 g5 41.Nc2 Kg6 42.g3
Bd5 43.f4 gxf4 44.gxf4 Bg2 45.h4 f5 46.Ne3 Be4+ 47.Kc4 Rf6 48.Nd5
Bxd5+ 49.Kxd5 Kh5 50.Rc6 Rf8 51.Ke5 Rd8 52.Rd6 Rh8 53.Kxf5 Kxh4
54.Rg6 h5 55.d5 Kh3 56.d6 h4 57.d7 Kh2 1-0

[Event "Washington Open Championship"]
[Site "Seattle, WA"]
[Date "2014.05.26"]
[Round "5"]
[White "Haining Kyle  (WA)"]
[Black "Levin Scott  (OR)"]
[Result "1-0"]
[WhiteElo "2054"]
[BlackElo "1859"]
[Annotator ""]
[Source ""]
[Remark "Open"]

1.e4 c5 2.Nf3 a6 3.d4 cxd4 4.Nxd4 Nf6 5.Nc3 e5 6.Nb3 Bb4 7.Bd2
Bxc3 8.Bxc3 Nxe4 9.Qg4 Nf6 10.Qxg7 Rg8 11.Qh6 Nc6 12.O-O-O Rg6
13.Qh4 Rg4 14.Qh6 Rg6 15.Qe3 Ng4 16.Qe1 Qb6 17.Rd2 d6 18.h3 Nh6
19.f4 f5 20.fxe5 Nxe5 21.Bxe5 Re6 22.Re2 dxe5 23.Rxe5 Nf7 24.Rxe6+
Qxe6 25.Bc4 Qxe1+ 26.Rxe1+ Kf8 27.Nc5 Nd6 28.Bd5 Rb8 29.Rf1 Ke7
30.Re1+ Kf6 31.Be6 Ne4 32.Nxe4+ Kxe6 33.Ng3+ Kf7 34.Rf1 Kg6 35.Ne2
Bd7 36.Nd4 Re8 37.Kd2 Kg5 38.g3 Re4 39.c3 h5 40.Kd3 b6 41.c4
a5 42.b3 Re8 43.a3 Re7 44.b4 f4 45.gxf4+ Kh4 46.f5 Kxh3 47.f6
Rf7 48.Nf3 Kg2 49.Ne5 Kxf1 50.Nxf7 h4 51.Ng5 Be8 52.c5 Kg2 53.cxb6 1-0

[Event "Washington Open Championship"]
[Site "Seattle, WA"]
[Date "2014.05.26"]
[Round "5"]
[White "Daniels Nolan  (WA)"]
[Black "Roberge David  (WA)"]
[Result "0-1"]
[WhiteElo "1130"]
[BlackElo "628"]
[Annotator ""]
[Source ""]
[Remark "Booster"]

1.e4 e5 2.Nf3 Bc5 3.Nxe5 Qe7 4.d4 Bd6 5.Bc4 Bxe5 6.dxe5 Qxe5
7.O-O Nf6 8.Nc3 O-O 9.Re1 d6 10.Nd5 Nxd5 11.exd5 Qf6 12.c3 Nd7
13.Re4 Ne5 14.Rf4 Qg6 15.Be2 Bh3 16.g3 Rfe8 17.Rh4 Bd7 18.Rh5
Qf6 19.Qf1 g6 20.Bg5 Qh8 21.Rh6 c6 22.c4 cxd5 23.cxd5 Bg4 24.Qd1
Bxe2 25.Qxe2 Rac8 26.Qe3 Nc4 27.Qf4 Qxb2 28.Rc1 b5 29.Bf6 Qxa2
30.Qh4 Ne5 31.Rxc8 Rxc8 32.Rxh7 Nf3+ 33.Kh1 Qb1+ 0-1

[Event "Washington Open Championship"]
[Site "Seattle, WA"]
[Date "2014.05.26"]
[Round "5"]
[White "Cross Jason  (WA)"]
[Black "Beck Alec  (WA)"]
[Result "1-0"]
[WhiteElo "1589"]
[BlackElo "1161"]
[Annotator ""]
[Source ""]
[Remark "Reserve"]

1.c4 c5 2.Nc3 Nc6 3.g3 b6 4.Bg2 Bb7 5.e4 e6 6.Nge2 Nge7 7.O-O
g6 8.d3 Bg7 9.Bg5 O-O 10.Qd2 Kh8 11.Bh6 Bxh6 12.Qxh6 Ng8 13.Qd2
Qf6 14.f4 Ba6 15.e5 Qd8 16.Nb5 Bxb5 17.cxb5 Nce7 18.Bxa8 Qxa8
19.Nc3 Nh6 20.Ne4 Nhg8 21.a4 a5 22.bxa6 Qxa6 23.b4 cxb4 24.Qxb4
Qxd3 25.Nf6 Rb8 26.Rad1 Qe3+ 27.Kh1 Nf5 28.Rxd7 Nxg3+ 29.hxg3
Qxg3 30.Qd2 Qh3+ 31.Kg1 Nxf6 32.exf6 Qg3+ 33.Qg2 Qe3+ 34.Qf2
Qh3 35.Rfd1 h5 36.Rd8+ Rxd8 37.Rxd8+ Kh7 38.Rf8 Qg4+ 39.Kf1 Qd1+
40.Kg2 Qd5+ 41.Kh2 Qd7 42.Rb8 Qxa4 43.Rxb6 Qa1 44.Rb2 Qc1 45.Rc2
Qa1 46.Rb2 Qc1 47.Rb7 Kg8 48.Rb8+ Kh7 49.Rf8 Qc7 50.Qd2 Qa7 51.Kg2
Qb7+ 52.Kf1 Qh1+ 53.Ke2 Qe4+ 54.Kd1 Qa4+ 55.Ke2 Qc4+ 56.Qd3 Qc7
57.Kd1 Qb7 58.Rd8 Qh1+ 59.Kc2 Qc6+ 60.Kb3 Qb6+ 61.Ka4 Qa7+ 62.Kb5
Qb7+ 63.Ka4 Qa7+ 64.Kb4 Qb7+ 65.Qb5 Qe4+ 66.Kc5 Qc2+ 67.Kd6 Qd2+
68.Ke7 Qxf4 69.Kxf7 Qc7+ 70.Rd7 Qc8 71.Kxe6+ 1-0

[Event "Washington Open Championship"]
[Site "Seattle, WA"]
[Date "2014.05.26"]
[Round "5"]
[White "Kenney Jason  (CAN)"]
[Black "Perez Ignacio  (WA)"]
[Result "0-1"]
[WhiteElo "2060"]
[BlackElo "2254"]
[Annotator ""]
[Source ""]
[Remark "Open"]

1.c4 Nf6 2.g3 g6 3.Bg2 Bg7 4.Nc3 O-O 5.e4 e5 6.Nge2 d6 7.d3 c6
8.O-O a6 9.a4 a5 10.h3 Na6 11.f4 exf4 12.Bxf4 Nh5 13.Be3 Nb4
14.Qd2 Be6 15.g4 Nf6 16.Bg5 h6 17.Bh4 g5 18.Bf2 Nd7 19.b3 Nc5
20.Nc1 Nbxd3 21.Nxd3 Nxb3 22.Qc2 Nxa1 23.Rxa1 Bxc4 24.Rd1 Re8
25.Ne2 d5 26.Ng3 Bxd3 27.Rxd3 Qf6 28.exd5 cxd5 29.Nf5 Rac8 30.Qd1
Qb2 31.Nxg7 Re2 32.Bd4 Rxg2+ 33.Kf1 Qa2 34.Nh5 Rc1 35.Nf6+ Kf8
36.Nh7+ Ke7 37.Re3+ Kd6 38.Be5+ Kd7 39.Nf6+ Kd8 40.Bc7+ Kxc7
41.Qxc1+ Rc2 42.Qxc2+ Qxc2 43.Rc3+ Qxc3 44.Nxd5+ Kd6 45.Nxc3
Ke5 46.Ke2 f5 47.gxf5 Kxf5 48.Ke3 Ke5 49.Ne4 Kd5 50.Kf3 b6 51.Nf6+
Kc4 52.Kg4 Kb4 53.Nd5+ Kxa4 54.Kh5 ( 54.Nxb6+ ) b5 55.Kxh6 Kb3
56.Kxg5 a4 57.Nf4 a3 58.Nd3 Kc4 59.Nc1 b4 60.h4 b3 61.Nxb3 Kxb3
62.h5 a2 63.Kg6 a1Q 64.Kh7 Qa7+ 0-1

[Event "Washington Open Championship"]
[Site "Seattle, WA"]
[Date "2014.05.26"]
[Round "5"]
[White "Peng Brandon  (WA)"]
[Black "Lawler Aidan  (WA)"]
[Result "1-0"]
[WhiteElo "1116"]
[BlackElo "978"]
[Annotator ""]
[Source ""]
[Remark "Booster"]

1.d4 d5 2.c4 e6 3.Nc3 Nf6 4.Nf3 Be7 5.Bf4 O-O 6.g3 Nbd7 7.Bg2
b6 8.O-O Bb7 9.cxd5 exd5 10.Re1 Bb4 11.Qb3 Bxc3 12.Qxc3 c5 13.e3
Ne4 14.Qd3 c4 15.Qc2 Ndf6 16.Ng5 Nxg5 17.Bxg5 h6 18.Bxf6 Qxf6
19.b3 b5 20.a4 a6 21.axb5 axb5 22.bxc4 bxc4 23.Rxa8 Rxa8 24.f3
Bc8 25.Qf2 c3 26.e4 dxe4 27.fxe4 Qxf2+ 28.Kxf2 Ra2+ 29.Kf3 c2
30.Rc1 Ba6 31.Ke3 Ra3+ 32.Kd2 Bd3 33.Ke1 Rb3 34.Kd2 Rb1 35.d5
Rxc1 36.Kxc1 Kf8 37.Kd2 Ke7 38.e5 Bf5 39.h3 h5 40.Bf3 g6 41.g4
hxg4 42.hxg4 Bd7 43.g5 Bf5 44.Be2 Kd7 45.Bb5+ Ke7 46.Ba4 Kd8
47.Bxc2 Bd7 48.Kd3 Kc7 49.Kc4 Kb6 50.Kb4 Bc8 51.Bb3 Kc7 52.Kc5
Kd7 53.Kb6 Kd8 54.Kc6 Bd7+ 55.Kd6 Be8 56.e6 fxe6 57.dxe6 Bb5
58.Bc2 Ke8 59.Bxg6+ Kf8 60.Bf7 Kg7 {%02
 The scoresheet indicates that there is a second page, but I do not seem to
have it.  I would imagine the next move would be either Bh5 or g6, with a pretty clear win for white.}
 1-0

[Event "Washington Open Championship"]
[Site "Seattle, WA"]
[Date "2014.05.26"]
[Round "5"]
[White "Smith Claire  (WA)"]
[Black "Haining Breck  (WA)"]
[Result "0-1"]
[WhiteElo "451"]
[BlackElo "1350"]
[Annotator ""]
[Source ""]
[Remark "Booster"]

1.d4 g6 2.Bf4 Bg7 3.c3 d6 4.Nf3 Nf6 5.Bg5 O-O 6.e3 c5 7.dxc5
dxc5 8.Qxd8 Rxd8 9.Be2 Nc6 10.O-O h6 11.Bh4 Ne4 12.Na3 g5 13.Bg3
Nxg3 14.hxg3 a6 15.Nc4 Be6 16.Nfd2 b5 17.Bf3 bxc4 18.Bxc6 Rac8
19.Bb7 Rc7 20.Bxa6 Rxd2 21.Rab1 Rcd7 22.Bc8 R7d6 23.Bxe6 Rxe6
24.Rfd1 Red6 25.Re1 e6 26.a4 Bf6 27.Rec1 Bd8 28.b4 cxb3 29.Rxb3
Ra2 30.Rbb1 Rxa4 31.Rd1 Rxd1+ 32.Rxd1 Bf6 33.f4 Bxc3 34.Rc1 Ra1
35.Rxa1 Bxa1 36.Kf2 c4 37.Ke2 c3 38.Kd1 Kg7 39.Kc2 Bb2 40.fxg5
hxg5 41.g4 Kf6 42.g3 Ke5 43.Kd3 f6 44.e4 Ba1 45.Kc2 Kxe4 46.Kc1
Kf3 47.Kb1 Bb2 48.Kc2 Kxg3 0-1